[Event "Titled Tuesday intern op 02nd Aug Late"]
[Site "Chess.com INT"]
[Date "2022.08.02"]
[Round "1"]
[White "Harsha, Bharathakoti"]
[Black "Silich, Yahor"]
[Result "1-0"]
[WhiteElo "2547"]
[BlackElo "2216"]
[PlyCount "93"]
[EventDate "2022.08.02"]
[EventType "swiss (blitz)"]
[EventRounds "11"]
[EventCountry "USA"]
[SourceTitle "EXT 2023"]
[Source "ChessBase"]
[SourceDate "2022.10.05"]
[SourceVersion "1"]
[SourceVersionDate "2022.10.05"]
[SourceQuality "1"]

1. c4 Nf6 2. Nc3 g6 3. e4 d6 4. d4 Bg7 5. Be2 0-0 6. Bg5 a6 7. Nf3 Bg4 8. 0-0 Nfd7 9. Rc1 Nc6 10. d5 Bxf3 11. Bxf3 Nd4 12. Be3 c5 13. dxc6 Nxf3+ 14. Qxf3 bxc6 15. b3 Qa5 16. Na4 Rfe8 17. Rfd1 Rab8 18. Bd4 Bxd4 19. Rxd4 Ne5 20. Qe2 c5 21. Rd5 Nc6 22. Rcd1 Nd4 23. R1xd4 e6 24. Rg5 h6 25. Rxg6+ fxg6 26. Rxd6 Rbd8 27. Rc6 Rd2 28. Qg4 Kg7 29. h4 h5 30. Qf4 Rd1+ 31. Kh2 Qd8 32. Nxc5 e5 33. Qg3 Rd6 34. Nb7 Rxc6 35. Nxd8 Rxd8 36. Qxe5+ Kf7 37. c5 Re8 38. Qd5+ Ree6 39. b4 Ke7 40. a4 Rc7 41. b5 axb5 42. axb5 Rd7 43. Qg5+ Kf7 44. c6 Rd4 45. c7 Rc4 46. Qd8 Re8 47. Qd5+ 1-0

[Event "Titled Tuesday intern op 02nd Aug Late"]
[Site "Chess.com INT"]
[Date "2022.08.02"]
[Round "5"]
[White "Silich, Yahor"]
[Black "Bayo Milagro, Alvaro"]
[Result "0-1"]
[WhiteElo "2216"]
[BlackElo "2285"]
[PlyCount "112"]
[EventDate "2022.08.02"]
[EventType "swiss (blitz)"]
[EventRounds "11"]
[EventCountry "USA"]
[SourceTitle "EXT 2023"]
[Source "ChessBase"]
[SourceDate "2022.10.05"]
[SourceVersion "1"]
[SourceVersionDate "2022.10.05"]
[SourceQuality "1"]

1. e4 e5 2. Nf3 Nc6 3. Bc4 Nf6 4. d3 Bc5 5. 0-0 d6 6. c3 a5 7. Nbd2 0-0 8. h3 Be6 9. Bb5 Qb8 10. Ba4 Qa7 11. Qe2 Ne7 12. Rd1 Ng6 13. Nf1 d5 14. Ng3 Rad8 15. Bg5 Nf4 16. Bxf4 exf4 17. Nf1 dxe4 18. dxe4 Qb6 19. e5 Nd5 20. Bb3 Ne7 21. Bxe6 Qxe6 22. N1d2 Ng6 23. Ne4 Be7 24. Qb5 b6 25. Qb3 Nxe5 26. Qxe6 Nxf3+ 27. gxf3 fxe6 28. Kf1 Rxd1+ 29. Rxd1 Rd8 30. Rxd8+ Bxd8 31. b4 axb4 32. cxb4 Be7 33. b5 Kf7 34. Ke2 Kg6 35. a4 Kh5 36. Kf1 Kh4 37. Kg2 g5 38. Nd2 h5 39. Nc4 g4 40. hxg4 hxg4 41. Ne5 gxf3+ 42. Kxf3 Kg5 43. Ke4 Bc5 44. f3 Be3 45. Nd3 Kf6 46. Nxf4 Bxf4 47. Kxf4 e5+ 48. Ke3 Kf5 49. Ke2 Kf4 50. Kf2 e4 51. fxe4 Kxe4 52. Ke2 Kd4 53. Kd2 Kc4 54. Ke3 Kb4 55. Kd4 Kxa4 56. Kd5 Kxb5 0-1

[Event "Titled Tuesday intern op 02nd Aug Late"]
[Site "Chess.com INT"]
[Date "2022.08.02"]
[Round "2"]
[White "Silich, Yahor"]
[Black "Gonzalez Vega, Alejandro"]
[Result "1-0"]
[WhiteElo "2216"]
[BlackElo "2092"]
[PlyCount "91"]
[EventDate "2022.08.02"]
[EventType "swiss (blitz)"]
[EventRounds "11"]
[EventCountry "USA"]
[SourceTitle "EXT 2023"]
[Source "ChessBase"]
[SourceDate "2022.10.05"]
[SourceVersion "1"]
[SourceVersionDate "2022.10.05"]
[SourceQuality "1"]

1. e4 c5 2. Nf3 a6 3. Nc3 e6 4. d4 cxd4 5. Nxd4 Nf6 6. g3 d6 7. Bg2 Be7 8. 0-0 0-0 9. Re1 Qc7 10. a4 Nbd7 11. a5 Nc5 12. Be3 Re8 13. Qd2 Rb8 14. h3 b5 15. axb6 Rxb6 16. Nb3 Nxb3 17. Bxb6 Nxd2 18. Bxc7 Nc4 19. b3 Ne5 20. f4 Ned7 21. e5 dxe5 22. fxe5 Nh5 23. Kh2 Bb4 24. Re3 f5 25. Ne2 Nf8 26. g4 f4 27. Re4 Ng3 28. Rxb4 Nxe2 29. Bf3 Ng3 30. Rxf4 Ng6 31. Kxg3 Nxf4 32. Kxf4 Rf8+ 33. Ke3 Rf7 34. Bd6 g5 35. Ra4 Bd7 36. Rxa6 Bb5 37. Rb6 Bf1 38. Rb8+ Kg7 39. Rb7 Bxh3 40. Rxf7+ Kxf7 41. b4 Bf1 42. Be2 Bg2 43. b5 Bb7 44. c4 Kg6 45. c5 h5 46. gxh5+ 1-0

[Event "Titled Tuesday intern op 02nd Aug Late"]
[Site "Chess.com INT"]
[Date "2022.08.02"]
[Round "3"]
[White "Silich, Yahor"]
[Black "Maksimovic, Bojan"]
[Result "0-1"]
[WhiteElo "2216"]
[BlackElo "2465"]
[PlyCount "112"]
[EventDate "2022.08.02"]
[EventType "swiss (blitz)"]
[EventRounds "11"]
[EventCountry "USA"]
[SourceTitle "EXT 2023"]
[Source "ChessBase"]
[SourceDate "2022.10.05"]
[SourceVersion "1"]
[SourceVersionDate "2022.10.05"]
[SourceQuality "1"]

1. e4 e5 2. Nf3 Nc6 3. Bc4 Nf6 4. d3 Be7 5. 0-0 0-0 6. Re1 d6 7. a4 Na5 8. Ba2 c5 9. c3 Be6 10. Na3 h6 11. Bxe6 fxe6 12. b4 cxb4 13. cxb4 Nc6 14. b5 Na5 15. Bd2 Rc8 16. h3 Nd7 17. d4 Bf6 18. Bb4 Qb6 19. d5 exd5 20. Qxd5+ Kh8 21. Rac1 Nc5 22. Bxa5 Qxa5 23. Nc4 Qc7 24. Nxd6 Rcd8 25. Red1 b6 26. Nxe5 Bxe5 27. Qxe5 Qd7 28. Rd5 Qe6 29. Rcd1 Qxe5 30. Rxe5 Kh7 31. f3 Nxa4 32. Re7 Rf6 33. e5 Rff8 34. Rxa7 Nc3 35. Rd3 Nxb5 36. Rb7 Nxd6 37. exd6 Rb8 38. Rxb8 Rxb8 39. Kf2 Kg6 40. Ke3 Kf5 41. d7 Rd8 42. Rd6 b5 43. Kd4 b4 44. Kc5 b3 45. Kc6 b2 46. Rd1 Ke6 47. Kc7 Rxd7+ 48. Rxd7 b1Q 49. Rd6+ Kf5 50. Rd7 g5 51. Rd4 Qc2+ 52. Kd6 Qxg2 53. Rd5+ Kf4 54. Rd4+ Kxf3 55. Rd3+ Ke4 56. Rc3 Qd2+ 0-1

[Event "BLR-ch U20"]
[Site "Minsk"]
[Date "2022.04.16"]
[Round "5"]
[White "Silich, Yahor"]
[Black "Siniauski, Artsiom"]
[Result "0-1"]
[WhiteElo "2221"]
[BlackElo "2222"]
[PlyCount "98"]
[EventDate "2022.04.13"]
[EventType "tourn"]
[EventRounds "11"]
[EventCountry "BLR"]
[SourceTitle "CBM 207 Extra"]
[Source "ChessBase"]
[SourceDate "2022.05.31"]
[SourceVersion "1"]
[SourceVersionDate "2022.05.31"]
[SourceQuality "1"]

1. e4 e6 2. d4 d5 3. Nc3 Nf6 4. e5 Nfd7 5. f4 c5 6. Nf3 Nc6 7. Be3 a6 8. Qd2 b5 9. dxc5 Bxc5 10. Bd3 Qb6 11. Bf2 Ra7 12. 0-0 Rc7 13. a3 h6 14. Rae1 Bxf2+ 15. Rxf2 b4 16. axb4 Qxb4 17. f5 Nc5 18. f6 g5 19. b3 g4 20. Nh4 Rg8 21. Rf4 Qb6 22. Qf2 Nd7 23. Qxb6 Nxb6 24. Na4 Nxa4 25. Rxa4 Rg5 26. Bxa6 Bxa6 27. Rxa6 Rxe5 28. Rea1 Kd7 29. c4 d4 30. Rd1 Rb7 31. Ra8 Kd6 32. Rf8 Kc5 33. Rc8 Kd6 34. Rf8 Re4 35. g3 Ne5 36. Ra1 d3 37. Rd8+ Rd7 38. Rxd7+ Nxd7 39. Rd1 Ne5 40. Ng2 Nf3+ 41. Kf2 Re2+ 42. Kf1 Nxh2+ 43. Kg1 Nf3+ 44. Kf1 Nd2+ 45. Kg1 e5 46. b4 e4 47. c5+ Kc6 48. Nf4 Nf3+ 49. Kf1 Rh2 0-1

[Event "BLR-ch U20"]
[Site "Minsk"]
[Date "2022.04.13"]
[Round "1"]
[White "Hryharovich, Aliaksei"]
[Black "Silich, Yahor"]
[Result "1-0"]
[WhiteElo "2100"]
[BlackElo "2221"]
[PlyCount "99"]
[EventDate "2022.04.13"]
[EventType "tourn"]
[EventRounds "11"]
[EventCountry "BLR"]
[SourceTitle "CBM 207 Extra"]
[Source "ChessBase"]
[SourceDate "2022.05.31"]
[SourceVersion "1"]
[SourceVersionDate "2022.05.31"]
[SourceQuality "1"]

1. d4 Nf6 2. c4 g6 3. Nc3 Bg7 4. e4 d6 5. Nf3 0-0 6. Be2 Bg4 7. 0-0 Nfd7 8. Be3 Nc6 9. d5 Bxf3 10. Bxf3 Na5 11. Be2 Bxc3 12. bxc3 e5 13. Bd3 b6 14. g3 Qe7 15. Qe2 Nb7 16. f4 exf4 17. gxf4 Nbc5 18. Bd4 f5 19. exf5 Qxe2 20. Bxe2 gxf5 21. Kh1 Nf6 22. Rg1+ Kf7 23. Rg5 Nce4 24. Bh5+ Ke7 25. Rxf5 Kd7 26. Re1 Nxh5 27. Rxh5 Rae8 28. Rxh7+ Kc8 29. Rg1 Rxf4 30. Rgg7 Nf2+ 31. Kg2 Kb8 32. Rxc7 Rg8+ 33. Rcg7 Rxg7+ 34. Rxg7 Ne4 35. Rh7 Ng5 36. Rh8+ Kc7 37. h4 Nf7 38. Ra8 Kb7 39. Rf8 a6 40. h5 Rf5 41. Rxf7+ Rxf7 42. h6 Rh7 43. Bg7 Kc7 44. Kg3 Kd7 45. Kf4 Ke7 46. Kg5 Kf7 47. Kf5 b5 48. cxb5 axb5 49. a3 Kg8 50. Ke6 1-0

[Event "Novi Sad TS Mix 244th"]
[Site "Novi Sad"]
[Date "2022.02.24"]
[Round "6"]
[White "Mamatov, Melis"]
[Black "Silich, Yahor"]
[Result "1/2-1/2"]
[WhiteElo "2154"]
[BlackElo "2306"]
[PlyCount "24"]
[EventDate "2022.02.21"]
[EventType "swiss"]
[EventRounds "10"]
[EventCountry "SRB"]
[SourceTitle "CBM 207 Extra"]
[Source "ChessBase"]
[SourceDate "2022.05.31"]
[SourceVersion "1"]
[SourceVersionDate "2022.05.31"]
[SourceQuality "1"]

1. e4 c5 2. Nc3 Nc6 3. b3 g6 4. Bb2 Bg7 5. f4 d6 6. Bb5 Bd7 7. Bxc6 Bxc6 8. Qe2 Nf6 9. 0-0-0 0-0 10. Nf3 Qa5 11. e5 Nd5 12. Nxd5 Bxd5 1/2-1/2

[Event "Novi Sad TS Mix 240th"]
[Site "Novi Sad"]
[Date "2022.02.18"]
[Round "6"]
[White "Mamatov, Melis"]
[Black "Silich, Yahor"]
[Result "1-0"]
[WhiteElo "2154"]
[BlackElo "2306"]
[PlyCount "63"]
[EventDate "2022.02.15"]
[EventType "swiss"]
[EventRounds "9"]
[EventCountry "SRB"]
[SourceTitle "CBM 207 Extra"]
[Source "ChessBase"]
[SourceDate "2022.05.31"]
[SourceVersion "1"]
[SourceVersionDate "2022.05.31"]
[SourceQuality "1"]

1. d4 Nf6 2. Nc3 d5 3. Bf4 g6 4. Nf3 Bg7 5. g3 0-0 6. Bg2 c5 7. 0-0 cxd4 8. Nxd4 Nc6 9. Nxc6 bxc6 10. Be5 Nd7 11. Bxg7 Kxg7 12. e4 e6 13. Re1 a5 14. Na4 Ba6 15. b3 Rc8 16. Qd2 Qc7 17. Rad1 Rfd8 18. h4 h5 19. Qc3+ Kg8 20. Rd2 Bb5 21. Nc5 a4 22. Red1 axb3 23. axb3 Nxc5 24. Qxc5 Ba6 25. c4 dxc4 26. bxc4 Rxd2 27. Rxd2 e5 28. Rd6 Qb7 29. Kh2 Qa8 30. Bh3 Rb8 31. Rd7 Re8 32. Ra7 1-0

[Event "Novi Sad TS Mix 240th"]
[Site "Novi Sad"]
[Date "2022.02.18"]
[Round "7"]
[White "Silich, Yahor"]
[Black "Rosh, Jain"]
[Result "1-0"]
[WhiteElo "2306"]
[BlackElo "1987"]
[PlyCount "53"]
[EventDate "2022.02.15"]
[EventType "swiss"]
[EventRounds "9"]
[EventCountry "SRB"]
[SourceTitle "CBM 207 Extra"]
[Source "ChessBase"]
[SourceDate "2022.05.31"]
[SourceVersion "1"]
[SourceVersionDate "2022.05.31"]
[SourceQuality "1"]

1. e4 e5 2. Nf3 Nc6 3. Bc4 Nf6 4. d3 Bc5 5. 0-0 0-0 6. c3 d5 7. exd5 Nxd5 8. Re1 Bg4 9. a4 a6 10. a5 b5 11. axb6 Nxb6 12. Rxa6 Rxa6 13. Bxa6 Qa8 14. Bb5 Na7 15. Ba6 Nc6 16. h3 Bh5 17. Bb5 Na7 18. Ba6 Nc6 19. Bc4 Nxc4 20. dxc4 Rd8 21. Nbd2 Qa7 22. Qe2 Bg6 23. Nh4 Bd3 24. Qf3 e4 25. Nxe4 Bxe4 26. Rxe4 Bxf2+ 27. Qxf2 1-0

[Event "Novi Sad TS Mix 240th"]
[Site "Novi Sad"]
[Date "2022.02.17"]
[Round "5"]
[White "Silich, Yahor"]
[Black "Subhayan, Kundu"]
[Result "0-1"]
[WhiteElo "2306"]
[BlackElo "2297"]
[PlyCount "82"]
[EventDate "2022.02.15"]
[EventType "swiss"]
[EventRounds "9"]
[EventCountry "SRB"]
[SourceTitle "CBM 207 Extra"]
[Source "ChessBase"]
[SourceDate "2022.05.31"]
[SourceVersion "1"]
[SourceVersionDate "2022.05.31"]
[SourceQuality "1"]

1. e4 e5 2. Nf3 Nc6 3. Bc4 Nf6 4. d3 h6 5. 0-0 d6 6. c3 g5 7. Na3 Bg7 8. Bb3 0-0 9. Nc4 g4 10. Nfd2 d5 11. Ne3 d4 12. Nd5 Nxd5 13. Bxd5 Ne7 14. Bc4 c6 15. a4 Ng6 16. Re1 h5 17. Nf1 h4 18. Bd2 Qf6 19. Qc1 Kh7 20. b4 Qd6 21. b5 f5 22. bxc6 bxc6 23. cxd4 exd4 24. Rb1 Qf6 25. Bg5 Qe5 26. exf5 Qxf5 27. Qd2 Be5 28. Re4 Bc7 29. Be7 Rh8 30. Qe1 Bb6 31. Bb4 Rb8 32. Re7+ Kh6 33. Bd2+ Kh5 34. a5 Nxe7 35. Qxe7 Rf8 36. Kh1 Rb7 37. Qd6 Rf6 38. Qa3 Qxf2 39. Qa1 Bc7 40. Re1 h3 41. Ne3 Qxd2 0-1

[Event "Titled Tuesday intern op 08th Feb Early"]
[Site "Chess.com INT"]
[Date "2022.02.08"]
[Round "11"]
[White "Silich, Yahor"]
[Black "Begunov, Konstantin"]
[Result "0-1"]
[WhiteElo "2306"]
[BlackElo "2325"]
[PlyCount "86"]
[EventDate "2022.02.08"]
[EventType "swiss (blitz)"]
[EventRounds "11"]
[EventCountry "USA"]
[SourceTitle "CBM 206 Extra"]
[Source "ChessBase"]
[SourceDate "2022.03.31"]
[SourceVersion "1"]
[SourceVersionDate "2022.03.31"]
[SourceQuality "1"]

1. e4 c5 2. Nf3 d6 3. Bb5+ Bd7 4. Bxd7+ Qxd7 5. c4 Nf6 6. Nc3 Nc6 7. d4 cxd4 8. Nxd4 Qg4 9. 0-0 Qxd1 10. Rxd1 Nxd4 11. Rxd4 Rc8 12. b3 g6 13. Rd3 Bg7 14. f3 b5 15. cxb5 Nxe4 16. fxe4 Rxc3 17. Rxc3 Bxc3 18. Rb1 Bd4+ 19. Kf1 Kd7 20. Ke2 Rc8 21. Kd3 e5 22. Bd2 f5 23. exf5 gxf5 24. a4 Ke6 25. Rf1 h5 26. g3 Bb2 27. Be3 e4+ 28. Kd2 Rc7 29. b6 axb6 30. Bxb6 Rc6 31. a5 d5 32. b4 Bc3+ 33. Ke2 Bxb4 34. Rb1 Bc5 35. Bd8 d4 36. Rb7 d3+ 37. Kd2 Kd5 38. Bg5 Kc4 39. Rf7 Bb4+ 40. Kd1 Rc5 41. a6 Ra5 42. Kc1 Bc3 43. Re7 Ra1# 0-1

[Event "Titled Tuesday intern op 08th Feb Early"]
[Site "Chess.com INT"]
[Date "2022.02.08"]
[Round "4"]
[White "Silich, Yahor"]
[Black "Kalogridis, Antonios"]
[Result "0-1"]
[WhiteElo "2306"]
[BlackElo "2322"]
[PlyCount "110"]
[EventDate "2022.02.08"]
[EventType "swiss (blitz)"]
[EventRounds "11"]
[EventCountry "USA"]
[SourceTitle "CBM 206 Extra"]
[Source "ChessBase"]
[SourceDate "2022.03.31"]
[SourceVersion "1"]
[SourceVersionDate "2022.03.31"]
[SourceQuality "1"]

1. e4 c6 2. Nf3 d5 3. d3 e6 4. e5 c5 5. c3 Nc6 6. d4 Qb6 7. a3 c4 8. Nbd2 Na5 9. h4 Bd7 10. h5 h6 11. g3 f5 12. Bh3 0-0-0 13. Nh4 Ne7 14. 0-0 Be8 15. Re1 g5 16. hxg6 Nxg6 17. Nxg6 Bxg6 18. Nf3 Be7 19. Bf4 Nb3 20. Rb1 Bg5 21. Bxg5 hxg5 22. Nxg5 Rh5 23. f4 Rdh8 24. Kg2 Kd7 25. Rh1 Qd8 26. Qe2 Rxg5 27. fxg5 Qxg5 28. Qf2 Nd2 29. Qf4 Qxf4 30. gxf4 Nxb1 31. Rxb1 Bh5 32. Kf2 Rg8 33. Rh1 Bf7 34. Bg2 Ke7 35. Bf3 Kf8 36. b3 cxb3 37. Rb1 Ke7 38. Rxb3 b6 39. a4 Rc8 40. Be2 Be8 41. Ra3 a5 42. Ke3 Bd7 43. Kd2 Kd8 44. Ra1 Kc7 45. c4 dxc4 46. Bxc4 Kd8 47. Bd3 Ke7 48. Rb1 Bxa4 49. Rxb6 Bd7 50. Ra6 a4 51. Ra7 Kd8 52. Bc2 Rc4 53. Kd3 Bb5 54. Rb7 Ba6 55. Rb8+ Rc8+ 0-1

[Event "Titled Tuesday intern op 14th Dec"]
[Site "Chess.com INT"]
[Date "2021.12.14"]
[Round "5"]
[White "Silich, Yahor"]
[Black "Rakhmanov, Alexander"]
[Result "0-1"]
[WhiteElo "2306"]
[BlackElo "2640"]
[PlyCount "62"]
[EventDate "2021.12.14"]
[EventType "swiss (blitz)"]
[EventRounds "11"]
[EventCountry "USA"]
[SourceTitle "EXT 2023"]
[Source "ChessBase"]
[SourceDate "2022.10.05"]
[SourceVersion "1"]
[SourceVersionDate "2022.10.05"]
[SourceQuality "1"]

1. e4 c5 2. Nf3 Nf6 3. e5 Nd5 4. Nc3 Nxc3 5. dxc3 Nc6 6. Bf4 Qb6 7. Rb1 Qc7 8. Bc4 e6 9. 0-0 h6 10. h4 b6 11. h5 Bb7 12. Qd2 0-0-0 13. Rfd1 Be7 14. b4 Rdg8 15. a4 g6 16. b5 Na5 17. Be2 gxh5 18. Kh2 Rg4 19. Qe3 Rhg8 20. Bf1 Bg5 21. Bxg5 hxg5 22. Rd6 Re4 23. Qd2 g4 24. Ng5 Rxe5 25. Nxf7 Rf5 26. Nh6 Rxf2 27. Qd3 Rgf8 28. Kg1 R2f6 29. Rd1 Bd5 30. Rxd5 exd5 31. Qxd5 Rxh6 0-1

[Event "Titled Tuesday intern op 07th Dec"]
[Site "Chess.com INT"]
[Date "2021.12.07"]
[Round "2"]
[White "Silich, Yahor"]
[Black "Maksimovic, Bojan"]
[Result "1-0"]
[WhiteElo "2306"]
[BlackElo "2451"]
[PlyCount "133"]
[EventDate "2021.12.07"]
[EventType "swiss (blitz)"]
[EventRounds "11"]
[EventCountry "USA"]
[SourceTitle "CBM 205 Extra"]
[Source "ChessBase"]
[SourceDate "2022.01.31"]
[SourceVersion "1"]
[SourceVersionDate "2022.01.31"]
[SourceQuality "1"]

1. e4 e5 2. Nf3 Nc6 3. Bc4 g6 4. 0-0 Bg7 5. c3 Nge7 6. d4 d6 7. h3 0-0 8. Re1 h6 9. Be3 Kh7 10. Nbd2 f5 11. exf5 gxf5 12. dxe5 dxe5 13. Bc5 e4 14. Nh2 Ne5 15. Bb3 Nd3 16. Nxe4 fxe4 17. Bxe7 Qxe7 18. Qxd3 exd3 19. Rxe7 Bf5 20. Nf3 Rae8 21. Rae1 Rxe7 22. Rxe7 c5 23. Rxb7 Be4 24. Rd7 Bxf3 25. gxf3 Rxf3 26. Kg2 Rf4 27. Kg3 Re4 28. Rxd3 Re2 29. Rd7 Rxb2 30. Rxa7 Kg6 31. c4 Be5+ 32. f4 Bd4 33. Re7 Kf5 34. Re8 Rd2 35. Ba4 Rd3+ 36. Kg2 Kxf4 37. Bc6 Rc3 38. Rf8+ Ke3 39. Bd5 Rc2+ 40. Kg3 Rxa2 41. Re8+ Kd2 42. Re6 Kc3 43. Rxh6 Rd2 44. Re6 Rd3+ 45. Kg4 Re3 46. Rxe3+ Bxe3 47. h4 Kd4 48. Kf5 Bh6 49. h5 Be3 50. Kg6 Ke5 51. h6 Kd6 52. Kg7 Ke7 53. h7 Bd4+ 54. Kg8 Bc3 55. h8Q Bxh8 56. Kxh8 Kd6 57. Kg7 Ke5 58. Kf7 Kd6 59. Kf6 Kc7 60. Ke6 Kb6 61. Kd6 Ka7 62. Kxc5 Kb8 63. Kb6 Kc8 64. Be6+ Kb8 65. c5 Ka8 66. c6 Kb8 67. c7+ 1-0

[Event "Novi Sad TS Mix 218th"]
[Site "Novi Sad"]
[Date "2021.10.25"]
[Round "1"]
[White "Silich, Yahor"]
[Black "Ishvi, Aggarwal"]
[Result "1-0"]
[WhiteElo "2272"]
[BlackElo "1840"]
[PlyCount "65"]
[EventDate "2021.10.25"]
[EventType "swiss"]
[EventRounds "10"]
[EventCountry "SRB"]
[SourceTitle "CBM 205 Extra"]
[Source "ChessBase"]
[SourceDate "2022.01.31"]
[SourceVersion "1"]
[SourceVersionDate "2022.01.31"]
[SourceQuality "1"]

1. e4 e5 2. Nf3 Nc6 3. Bc4 Nf6 4. d3 Be7 5. 0-0 0-0 6. Re1 d6 7. a4 Na5 8. Ba2 c5 9. c3 Nc6 10. h3 Be6 11. Bxe6 fxe6 12. Na3 a6 13. Bd2 Rb8 14. b4 cxb4 15. cxb4 b5 16. axb5 axb5 17. Qb3 Qd7 18. Rac1 Rfc8 19. Nc2 d5 20. Bg5 d4 21. Ra1 Ra8 22. Ra2 Qd6 23. Rea1 Rxa2 24. Rxa2 Nd8 25. Bd2 Nd7 26. Ra7 Nf8 27. Qa2 Qc6 28. Na1 Qd6 29. Nb3 Rc7 30. Ra8 Nc6 31. Qa6 h6 32. Qxb5 Kh7 33. Ra6 1-0

[Event "Titled Tuesday intern op 05th Oct"]
[Site "Chess.com INT"]
[Date "2021.10.05"]
[Round "8"]
[White "Arabidze, Meri"]
[Black "Silich, Yahor"]
[Result "1-0"]
[WhiteElo "2441"]
[BlackElo "2272"]
[PlyCount "43"]
[EventDate "2021.10.05"]
[EventType "swiss (blitz)"]
[EventRounds "11"]
[EventCountry "USA"]
[SourceTitle "CBM 204 Extra"]
[Source "ChessBase"]
[SourceDate "2021.11.30"]
[SourceVersion "1"]
[SourceVersionDate "2021.11.30"]
[SourceQuality "1"]

1. Nf3 Nf6 2. g3 g6 3. Bg2 Bg7 4. 0-0 0-0 5. d4 d6 6. a4 Nbd7 7. a5 a6 8. Nc3 e5 9. e4 c6 10. h3 Re8 11. Re1 Qc7 12. Be3 exd4 13. Bxd4 c5 14. Nd5 Nxd5 15. Bxg7 Kxg7 16. Qxd5 Nf6 17. Qd3 Rxe4 18. Rxe4 Bf5 19. Nh4 Bxe4 20. Bxe4 c4 21. Qd4 d5 22. Bg2 1-0

[Event "Titled Tuesday intern op 05th Oct"]
[Site "Chess.com INT"]
[Date "2021.10.05"]
[Round "7"]
[White "Silich, Yahor"]
[Black "Itkis, Boris"]
[Result "1-0"]
[WhiteElo "2272"]
[BlackElo "2333"]
[PlyCount "69"]
[EventDate "2021.10.05"]
[EventType "swiss (blitz)"]
[EventRounds "11"]
[EventCountry "USA"]
[SourceTitle "CBM 204 Extra"]
[Source "ChessBase"]
[SourceDate "2021.11.30"]
[SourceVersion "1"]
[SourceVersionDate "2021.11.30"]
[SourceQuality "1"]

1. e4 e5 2. Nf3 Nc6 3. Bc4 Nf6 4. d3 h6 5. 0-0 d6 6. c3 g6 7. Nbd2 Bg7 8. Re1 0-0 9. h3 Re8 10. Bb3 d5 11. Ba4 dxe4 12. dxe4 Bd7 13. Nc4 a6 14. Bc2 b5 15. Ne3 Be6 16. Qe2 Nh5 17. Rd1 Nf4 18. Qe1 Qf6 19. Nd5 Nxh3+ 20. Kh2 Bxd5 21. exd5 e4 22. Bxe4 Ne5 23. Kxh3 Nxf3 24. gxf3 Re5 25. Kg2 Qh4 26. d6 Rae8 27. d7 Rd8 28. Qh1 Qe7 29. Bf4 Re6 30. Rd3 c6 31. Rad1 f5 32. Bd6 Qf7 33. Bxc6 Bf8 34. Bc7 Rxc6 35. Bxd8 1-0